Danh ngữ tiếng Anh: Đặc trưng cú pháp và ngữ nghĩa thành tố, liên hệ đối chiếu với tiếng Việt

Guardado en:
Detalles Bibliográficos
Formato: Libro
Publicado: 2010
Etiquetas: Agregar Etiqueta
Sin Etiquetas, Sea el primero en etiquetar este registro!
Thư viện lưu trữ: Mạng thư viện Đại học Đà Nẵng
LEADER 00543nam a22001811a 4500
001 000038503
003 14798
005 20160412021320.0
008 160412s2010 000
082 |a 4A(07)2635 
245 |a Danh ngữ tiếng Anh: Đặc trưng cú pháp và ngữ nghĩa thành tố, liên hệ đối chiếu với tiếng Việt  |c Đặng Ngọc Hướng 
260 |c 2010 
OWN |a LNN 
999 |a From the UDN01 
TYP |a Monograph 
980 |a Mạng thư viện Đại học Đà Nẵng